000 00605cam a2200241 4500
001 J3791
008 090401t1996 xxu||||| |||| 00| 0 eng d
035 _a(Sirsi) u56948
041 _aeng
050 _a333.335
110 _aMinistry of Agriculture Fisheries and Food
245 _aAgricultural land prices in England 1994/95.
260 _aLondon
_bMAFF
_c1996
300 _a17p. ; 30cm.
350 _a0
490 _aMAFF Statistics
_v144/96
650 _aFARM LAND
650 _aFARMLAND PRICES
650 _aLAND PRICES
690 _aRURAL PRACTICE
942 _n0
948 _c04/03/1997
999 _c93862
_d93862